An introduction to nanomaterials and nanoscience
Guardat en:
| Autor principal: | |
|---|---|
| Format: | Llibre |
| Idioma: | anglès |
| Publicat: |
CBS Publishers
2017
|
| Etiquetes: |
Afegir etiqueta
Sense etiquetes, Sigues el primer a etiquetar aquest registre!
|
MARC
| LEADER | 00000nam a22000007a 4500 | ||
|---|---|---|---|
| 008 | 230116b |||||||| |||| 00| 0 eng d | ||
| 020 | |a 9789355915813 | ||
| 100 | |a DAS, Asim, k. |a Das, Mahua | ||
| 245 | |a An introduction to nanomaterials and nanoscience |c Asim, k. Das, Mahua Das |g xii,219p;ill | ||
| 260 | |b CBS Publishers |c 2017 |h New Delhi |i 699782 |i 699783 |l QC176.8.D26 |m Nanoscience |m Nanostructured materials |m Nanostructures |m Nanotechnology | ||
| 500 | |a it includes and references and index | ||
| 942 | |a lcc |c BK |e Johnson |f 16/01/23 | ||
| 952 | |0 0 |1 0 |2 lcc |4 0 |6 QC01768 D26 |7 0 |9 4147 |a SL |b HOL |c QZ |d 2023-01-16 |l 0 |o QC176.8.D26 |p 2023-0078 |r 2023-01-16 00:00:00 |t 699782 |w 2023-01-16 |y BK | ||
| 952 | |0 0 |1 0 |2 lcc |4 0 |6 QC01768 D26 |7 0 |9 4148 |a HOL |b HOL |c QZ |d 2023-01-16 |l 0 |o QC176.8.D26 |p 2023-0079 |r 2023-01-16 00:00:00 |t 699783 |w 2023-01-16 |y BK | ||
| 999 | |c 2076 |d 2076 | ||